[Event "Bay Area Open 2019"]
[Site "Burlingame"]
[Date "2019.01.06"]
[Round "8"]
[White "Cordova, Emilio"]
[Black "Gabuzyan, Hovhannes"]
[Result "1/2-1/2"]
[WhiteElo "2597"]
[BlackElo "2605"]
[Annotator "TA"]
[PlyCount "244"]
[EventDate "2019.01.01"]
[EventType "swiss"]
[EventCountry "USA"]
[SourceTitle "playchess.com"]
[Source "ChessBase"]
[SourceQuality "1"]

{[%evp 21,244,37,60,42,40,34,57,0,-4,-8,1,0,18,13,17,17,30,29,35,22,37,4,10,-3,-3,-3,-3,-3,-3,-10,-10,-12,-3,-10,-10,-10,-10,-8,-10,-16,-3,-16,-7,-31,-23,-23,-23,-23,-23,-23,-23,-23,-23,-36,-32,-64,-56,-60,-57,-65,-60,-65,-65,-65,-26,-65,-65,-65,-65,-65,-65,-65,-64,-65,0,-46,0,-46,-46,-46,-46,-46,-22,-22,-26,-26,-26,-23,-25,-27,-38,-43,-47,-43,-43,-43,0,0,0,0,60,55,97,-98,-46,-46,-46,-46,-46,-46,-46,-46,-46,-83,-47,-47,-47,-83,-83,-83,-47,-47,-47,-152,-49,-83,-83,-64,-64,-64,-64,-82,-47,-82,-47,-48,-47,-54,0,-47,0,-82,-82,-95,-95,-95,-47,-47,-47,-95,-79,-96,-55,-47,-47,-47,-47,-47,0,-47,-47,-47,-47,-38,-38,-38,-38,-38,-38,-38,-25,-25,0,-25,0,-38,0,-38,-38,-47,-55,-62,-18,-63,-18,-18,-18,-18,-18,-56,0,-16,-16,-16,-16,-24,-24,-24,0,-24,-24,-24,-8,-8,-8,-8,-15,-15,-8,-8,-8,-8,-8,-8,-8,-8,-8,-8,0,-18,0,-12,0,0,0]} 1. Nf3 Nf6 2. c4 c6 3. d4 g6 4. g3 Bg7 5. Bg2 O-O 6. O-O d6 7. Nc3 Qa5 8. e4 Bg4 9. h3 Bxf3 10. Bxf3 Nbd7 11. Be3 c5 {LiveBook: 13 Games} 12. Rc1 {E62: King's Indian: Fianchetto: 6...c6 and Panno Variation (6...Nc6) without ...a6} (12. Rb1 cxd4 13. Bxd4 Rfc8 14. b4 Qc7 15. Be2 Ne8 16. Nb5 Qb8 17. Bg4 Rd8 18. Bxg7 Nxg7 19. Bxd7 Rxd7 {0-1 (32) Grunberg,M (2391)-Manolache,M (2527) Eforie Nord 2010}) 12... cxd4 $146 ({Predecessor:} 12... a6 13. b3 Rac8 14. a4 cxd4 15. Bxd4 Ne5 16. Bg2 Nc6 17. Be3 Nd7 18. Nd5 e6 19. Bd2 Qd8 {½-½ (33) Lomineishvili,M (2397)-Kosintseva,N (2417) Istanbul 2003}) 13. Bxd4 Bh6 14. Bxf6 (14. Rc2 $14) 14... Nxf6 $11 15. Rc2 Rac8 16. b3 Rfe8 17. Qe2 Nd7 18. e5 Nxe5 19. Bxb7 Rc7 20. Bg2 Nc6 {[%cal Be5c6,Bc6b4,Bb4c2][%mdl 32]} 21. Rd1 {Hoping for Nb5.} Nb4 22. Nd5 Nxc2 23. Nxc7 Qxc7 24. Qxc2 Rb8 25. Qe4 Bg7 26. h4 Bf6 27. Bf3 h5 28. Kg2 Kg7 29. Rd5 e6 30. Rd2 Rb6 31. Rc2 Qc5 (31... Rb4 {with more complications.} 32. Qd3 a5 33. Rd2 Rb6 34. Kh2 Qc5) 32. Qe3 (32. Qa8 {feels hotter.} Rb4 33. Rd2 Qc7 34. Qc6 Qxc6 35. Bxc6 Rb6 36. Rxd6 Be5 37. c5) 32... a5 33. Qxc5 dxc5 {[%mdl 4096] Endgame KRB-KRB} 34. Rd2 Bd4 35. Bd1 e5 36. Re2 f5 37. f3 Bc3 38. a4 Rd6 39. Bc2 Kf6 40. Kh3 Bd2 41. Kg2 Rd4 42. Kh3 g5 43. hxg5+ Bxg5 44. Kg2 Bc1 45. Kh3 Bh6 46. Rf2 Bg5 47. Re2 Bh6 48. Rf2 Bg5 49. Re2 $1 Rd7 50. Rf2 Rd8 51. Re2 h4 52. g4 fxg4+ 53. Kxg4 Rh8 54. Kh3 $1 Bf4 55. Rg2 Bg3 56. Rd2 Kg5 57. Rd7 Kf4 58. Be4 Rg8 59. b4 cxb4 {aiming for ...Bf2.} 60. c5 Bf2 (60... Kg5 $11) 61. c6 $1 $14 b3 {[#]} 62. c7 $2 {[#]} (62. Rb7 $1 $16 {stays on course.}) 62... Bb6 (62... Rc8 $1 $17 63. Rf7+ Ke3) 63. Rf7+ Ke3 {...Rc8 is the strong threat.} 64. c8=Q Rxc8 65. Rb7 Bd4 {And now ...b2 would win.} 66. Rxb3+ Kf4 67. Rb7 Rc4 68. Rf7+ Ke3 69. Kxh4 Rxa4 70. Kg4 Ra1 71. Kf5 a4 72. Bd5 ({White should play} 72. Rf6 $15) 72... a3 ({Black should try} 72... Rc1 $17 {White must now prevent ...Rc5.} 73. Rf8 Rc5) 73. Rb7 Bb2 74. Ra7 Rd1 75. Ke6 Rd4 76. Ra8 Rf4 77. Ra7 Kd2 78. Ra8 Kc1 79. Ra7 Kd2 80. Ra8 Ke3 81. Ra7 Rb4 82. Ra8 Rb6+ 83. Kf5 Rd6 84. Be4 Rh6 85. Bd5 Rh5+ 86. Kg4 Rh2 87. Kf5 Re2 88. Ra4 Rd2 89. Ke6 Rd4 90. Ra8 Kd2 91. Ra7 Kc1 92. Ra8 Kb1 93. Ra7 Ka1 94. Ra8 Rd3 95. Ra7 Bd4 96. Ra8 Bb2 97. Ra7 Rd4 98. Ra8 Kb1 99. Ra7 Rb4 100. Ra8 Kc2 101. Kf5 Kd3 102. Ra7 Rb8 {next ...Kd4 is good for Black.} (102... Kd4 $5 {[%cal Rd4d5]} 103. Ba2 Kd3 $17) 103. Ra4 Rf8+ 104. Ke6 Ke3 105. Re4+ Kd3 106. Ra4 $1 Rf4 107. Ra8 Kd4 108. Be4 Kc5 109. Rc8+ Kd4 110. Ra8 Rh4 111. Rd8+ Ke3 112. Ra8 {The position is equal.} Rh6+ 113. Kf5 Rd6 114. Ra7 Rd8 {Black wants to play ...Kd4.} 115. Ra6 Rf8+ 116. Ke6 Kf4 117. Ra7 Re8+ 118. Kf7 Rb8 {Threatening ...Rb6.} 119. Ra4 Rb6 120. Bd5+ Ke3 121. Ke7 Rh6 122. Re4+ Kd3 {Accuracy: White = 66%, Black = 58%.} 1/2-1/2

[Event "Bay Area Open 2019"]
[Site "Burlingame"]
[Date "2019.01.06"]
[Round "8"]
[White "Bai, Jinshi"]
[Black "Brown, Michael William"]
[Result "1/2-1/2"]
[WhiteElo "2572"]
[BlackElo "2524"]
[Annotator "TA"]
[PlyCount "43"]
[EventDate "2019.01.01"]
[EventType "swiss"]
[EventCountry "USA"]
[SourceTitle "playchess.com"]
[Source "ChessBase"]
[SourceQuality "1"]

{[%evp 10,43,19,24,55,49,49,44,47,47,53,50,43,42,39,34,43,41,38,36,27,26,29,10,20,15,25,11,22,0,0,0,24,0,15,0]} 1. Nf3 d5 2. g3 Bg4 3. Bg2 Nd7 {[%cal Bb8d7,Bd7c5,Bc5e4][%mdl 32]} 4. c4 e6 5. Qb3 Nc5 6. Qe3 {LiveBook: 9 Games. A07: Réti Opening: New York and Capablanca Systems} (6. Qc2 Nf6 7. O-O c6 8. d4 Ncd7 9. Nc3 Be7 10. Ne5 Bf5 11. Qb3 Qb6 12. Nxd7 Nxd7 {½-½ (37) Almasi,Z (2682)-Movsesian,S (2647) Riadh 2017}) 6... Bxf3 7. Qxf3 c6 8. d4 {White is slightly better.} Ne4 $146 ({Predecessor:} 8... Nd7 9. O-O Ngf6 10. Qd3 g6 11. cxd5 exd5 12. Qb3 Qb6 {0-1 (36) Charochkina,D (2395)-Guseva,M (2439) Khanty-Mansiysk 2015}) 9. O-O Nd6 10. Qb3 {[%cal Rc4d5]} Nf6 11. cxd5 cxd5 12. Nc3 Be7 13. f3 O-O 14. e4 Nc4 15. Rd1 Na5 16. Qb5 Rc8 {[#] Hoping for ...Rc4.} 17. e5 Nd7 18. Qd3 Qb6 19. Na4 Qc7 20. Nc3 Qb6 {White should prevent ...Nxe5.} 21. Na4 Qc7 22. Nc3 {Accuracy: White = 70%, Black = 86%.} 1/2-1/2

[Event "Bay Area Open 2019"]
[Site "Burlingame"]
[Date "2019.01.06"]
[Round "8"]
[White "Ramirez, Alejandro"]
[Black "Naroditsky, Daniel"]
[Result "1/2-1/2"]
[WhiteElo "2567"]
[BlackElo "2616"]
[Annotator "TA"]
[PlyCount "35"]
[EventDate "2019.01.01"]
[EventType "swiss"]
[EventCountry "USA"]
[SourceTitle "playchess.com"]
[Source "ChessBase"]
[SourceQuality "1"]

{[%evp 19,20,17,21]} 1. e4 e5 2. Nf3 Nc6 3. Bb5 Nf6 4. O-O Nxe4 5. Re1 Nd6 6. Nxe5 Be7 7. Bf1 Nxe5 8. Rxe5 O-O 9. d4 Bf6 10. Re1 Nf5 {LiveBook: 296 Games. C67: Ruy Lopez: Berlin Defence: 4 0-0 Nxe4} {Predecessor:} 11. d5 $146 Re8 12. Rxe8+ Qxe8 13. Qd3 d6 14. Nd2 Bg5 15. Nf3 Bxc1 16. Rxc1 Bd7 17. Re1 Qd8 18. Qc4 {1-0 (31) Carlsen,M (2843)-Aronian,L (2764) Stavanger 2018} 1/2-1/2

[Event "Bay Area Open 2019"]
[Site "Burlingame"]
[Date "2019.01.06"]
[Round "8"]
[White "Jacobson, Brandon"]
[Black "Sevian, Samuel"]
[Result "0-1"]
[WhiteElo "2404"]
[BlackElo "2647"]
[Annotator "TA"]
[PlyCount "82"]
[EventDate "2019.01.01"]
[EventType "swiss"]
[EventCountry "USA"]
[SourceTitle "playchess.com"]
[Source "ChessBase"]
[SourceQuality "1"]

{[%evp 27,82,47,51,56,61,47,57,7,22,0,0,0,0,0,0,0,0,0,0,0,0,0,0,-297,-87,-343,-307,-433,-416,-848,-848,-848,-839,-830,-837,-812,-811,-781,-781,-734,-484,-478,-479,-472,-475,-469,-466,-460,-458,-573,-569,-580,-563,-528,-507,-586,-585]} 1. Nf3 d6 2. d4 g6 3. c4 f5 4. Nc3 Nf6 5. g3 Bg7 6. Bg2 O-O 7. O-O Nc6 8. d5 Ne5 9. Nxe5 dxe5 10. c5 h6 11. Qb3 Kh8 12. Rd1 g5 13. Bd2 a6 14. Rac1 {A89: Dutch Defence: Leningrad System: 5 Nf3 0-0 6 0-0 d6 7 Nc3 Nc6} (14. Na4 Qe8 15. Ba5 Bd7 16. Nc3 Qc8 17. Rac1 f4 18. d6 Bc6 19. dxe7 Re8 20. Nd5 Nxd5 21. Bxd5 Bxd5 22. Qxd5 Rxe7 {1-0 (31) Buhmann,R (2589)-Lagarde,M (2591) Berlin 2018}) 14... e4 {LiveBook: 6 Games} 15. f3 Qe8 16. Be3 $146 {White is slightly better.} ({Predecessor:} 16. Rf1 e5 17. fxe4 f4 18. Nd1 Qh5 19. Nf2 Qxe2 20. Qd1 Qb5 21. Bc3 Qe8 22. gxf4 gxf4 {1-0 (67) Ivanov,J (2330)-Filev,G (2399) Albena 2016}) 16... e5 17. dxe6 {[%cal Rf3e4]} Rb8 18. fxe4 Bxe6 19. Qb4 f4 20. gxf4 Ng4 21. Bd4 {Hoping for h3.} gxf4 {White must now prevent ...Qh5.} 22. Bxg7+ Kxg7 23. Nd5 $1 {[%cal Rd5c7]} Qh5 $36 {[%mdl 2048] White is under pressure.} 24. Qc3+ Kh7 25. Qh3 $2 {[%mdl 8192]} (25. h3 $1 $11 Ne3 26. Nxe3 fxe3 27. Qxe3) 25... Qe5 $2 (25... Qg5 $1 $19 {has better winning chances.} 26. Qf3 (26. Nxc7 f3 $19) 26... c6) 26. Qc3 $2 {[%mdl 8192] [#]} (26. Qf3 $17 {was the only chance.}) 26... Qg5 $1 $19 {And now ...Ne3 would win.} 27. Rf1 (27. Nxc7 {was called for.} Ne3 28. Qxe3 fxe3 29. Nxe6) 27... c6 28. h3 {[#]} (28. Kh1 $142 cxd5 29. exd5) 28... Ne3 $1 {Black is clearly winning.} ({Stronger than} 28... cxd5 29. hxg4 Bxg4 30. exd5 $15) 29. Nxe3 fxe3 30. h4 Qg3 {( -> ...Rg8)} 31. Qe1 Rxf1+ 32. Qxf1 Rg8 33. Qf3 Qxf3 34. exf3 {[%mdl 4096] Endgame KRB-KRB} Bh3 $1 35. Kh2 Bxg2 {KRB-KR} 36. Re1 Bxf3 37. Rxe3 Bh5 38. e5 Bg4 39. e6 Kg6 40. e7 Kf7 41. Rb3 Bc8 {Accuracy: White = 37%, Black = 74%.} 0-1

[Event "Bay Area Open 2019"]
[Site "Burlingame"]
[Date "2019.01.06"]
[Round "8"]
[White "Li, Zhaozhi"]
[Black "Escalante Ramirez, Brian Sebasti"]
[Result "0-1"]
[WhiteElo "2395"]
[BlackElo "2446"]
[Annotator "TA"]
[PlyCount "134"]
[EventDate "2019.01.01"]
[EventType "swiss"]
[EventCountry "USA"]
[SourceTitle "playchess.com"]
[Source "ChessBase"]
[SourceQuality "1"]

{[%evp 26,134,43,32,15,12,54,57,107,95,98,96,90,10,18,16,3,0,25,0,0,0,3,0,0,0,0,-143,-70,-283,0,0,0,0,0,0,0,0,0,0,-6,-8,-6,-8,-6,-59,-56,-56,-45,-64,-41,-43,-52,-62,-30,-52,-48,-57,-64,-76,-76,-76,-76,-82,-76,-76,-92,-69,-63,-63,-63,-77,-76,-104,-104,-199,-79,-65,0,-199,-199,-205,-107,-199,-111,-199,-199,-767,-205,-983,-690,-5708,-144,-279,0,-4602,-3182,-7926,-10658,-6095,-4133,-4618,-2625,-2176,-1295,-29980,-29980,-29985,-29986,-29986,-29987]} 1. d4 f5 2. c4 Nf6 3. g3 g6 4. Bg2 Bg7 5. Nc3 O-O 6. Nf3 d6 7. O-O Nc6 8. d5 Ne5 9. Nxe5 dxe5 10. Qb3 h6 11. Rd1 g5 12. c5 Kh8 13. Bd2 e4 14. Rac1 {LiveBook: 7 Games. A89: Dutch Defence: Leningrad System: 5 Nf3 0-0 6 0-0 d6 7 Nc3 Nc6} Qe8 (14... a6 15. Be1 Qe8 16. d6 c6 17. dxe7 Qxe7 18. Rd6 Ne8 19. Rcd1 Nxd6 20. cxd6 Qf7 21. Qxf7 Rxf7 {0-1 (34) Demuth,A (2535)-Rapport,R (2721) Gibraltar 2016}) 15. Be3 $146 ({Predecessor:} 15. c6 b6 16. Nb5 Qd8 17. Bb4 Re8 18. Bc3 a6 19. Na3 b5 20. Rd2 Qd6 21. Bb4 Qe5 {1-0 (67) Gerbich,V (2477)-Saunders,S (2468) ICCF email 2006}) 15... f4 16. gxf4 {White is slightly better.} Qh5 {Hoping for ...Ng4.} 17. Nxe4 Nxe4 18. Bxe4 gxf4 19. Bd4 (19. Bd2 $1 $16) 19... Bxd4 $11 20. Rxd4 f3 $1 $132 {[%mdl 2048] Threatens to win with ...Rg8+. Black puts up resistance} 21. Kh1 {[%cal Re4f3]} fxe2 22. Qe3 Bg4 23. Rd3 Qh4 24. Qg3 Qg5 25. Re1 $1 Rf4 $1 {[%cal Rf4e4]} 26. Bg2 (26. f3 $11) 26... Qf5 ({Black should try} 26... Rg8 $17 {...Qf6 is the strong threat.} 27. h3 Qf6 28. hxg4 Rgxg4) 27. f3 $2 (27. d6 $15 Rxf2 28. h3 Rxg2 {[%mdl 64] Deflection} 29. Qxg2 (29. Kxg2 Rf8 $17) 29... Qxd3 {[%mdl 64] Double Attack} 30. hxg4 exd6 31. cxd6) 27... Rf8 $2 (27... Rg8 $1 $19 {And now ...Bh5 would win.} 28. Rc3 Bxf3 29. Qxf3 Rxf3 30. Rxf3 Qxd5) 28. Re3 (28. fxg4 {is a self mate.} Rf1+ 29. Bxf1 exf1=Q+ 30. Rxf1 Qxf1+ 31. Qg1 Qxd3 32. Qd4+ Qxd4 33. b3 Qxg4 34. h4 Qh3+ 35. Kg1 Rf1#) 28... Qxd5 {[%mdl 64] Double Attack} 29. R3xe2 {aiming for Re5.} ({Avoid the trap} 29. Rxe7 $2 Rxf3 30. Qe5+ (30. Qxg4 $2 {leads to mate.} Rf1+ 31. Rxf1 exf1=Q#) 30... Qxe5 $19) 29... Bxf3 30. Bxf3 Rxf3 {[%csl Gf8][%cal Rf3f1]} 31. Qe5+ Qxe5 32. Rxe5 Rf1+ 33. Rxf1 Rxf1+ {[%mdl 4096] Endgame KR-KR} 34. Kg2 Rf7 35. Rd5 (35. Re6 $11) 35... Kg7 $15 36. Rd8 c6 37. b4 e6 38. Re8 Kf6 39. Rh8 Kg6 40. Re8 Kf5 41. Rh8 Kg5 42. Re8 Rf4 43. a3 {[#]} a5 $1 {[%mdl 512]} 44. bxa5 Ra4 45. Rxe6 Rxa3 46. Re7 Rxa5 47. Rxb7 Rxc5 48. Kf3 Kh4 49. Kg2 Rc2+ 50. Kg1 {[#]} (50. Kf1 $17 {was necessary.}) 50... Rc1+ (50... c5 $1 $19 {is more deadly.} 51. Rf7 h5 52. Rf4+ Kh3 53. Rf3+ Kg4 54. Rg3+ Kf4) 51. Kg2 $17 Rc2+ (51... Rc4 $15) 52. Kg1 $19 {[#]} c5 $1 {[%cal Bc6c5,Bc5c4][%mdl 32]} 53. Rg7 Rc4 (53... c4 $19 54. Re7 h5 55. Re4+ Kh3) 54. Ra7 (54. Kf2 $17) 54... Rc1+ (54... h5 $19 55. Kg2 Rc2+ 56. Kf3 Kh3) 55. Kg2 (55. Kf2 $17 {is a better defense.}) 55... Rc2+ 56. Kg1 $2 (56. Kf3) 56... h5 $2 (56... Kg4 57. Rg7+ Kf5) 57. Ra4+ $2 (57. Rg7) 57... c4 58. Ra5 Rc1+ $2 (58... Kg4 $19 59. h3+ {[%mdl 64] Decoy} Kxh3 60. Rxh5+ Kg4) 59. Kg2 (59. Kf2 $17 {only move.}) 59... Rc2+ $2 (59... Kg4 60. h3+ Kf4 61. Rxh5 Rc2+ 62. Kf1 Ke3) 60. Kg1 $1 Kg4 61. Rc5 h4 {[%cal Bh5h4,Bh4h3][%mdl 32]} 62. Re5 Rc1+ 63. Kg2 h3+ 64. Kf2 Rc2+ 65. Kg1 Rg2+ {Black mates.} 66. Kh1 Rd2 67. Kg1 c3 {Accuracy: White = 29%, Black = 53%.} 0-1

[Event "Bay Area Open 2019"]
[Site "Burlingame"]
[Date "2019.01.06"]
[Round "8"]
[White "Ynojosa Aponte, Felix Jose"]
[Black "Chandra, Akshat"]
[Result "1-0"]
[WhiteElo "2368"]
[BlackElo "2492"]
[Annotator "TA"]
[PlyCount "63"]
[EventDate "2019.01.01"]
[EventType "swiss"]
[EventCountry "USA"]
[SourceTitle "playchess.com"]
[Source "ChessBase"]
[SourceQuality "1"]

{[%evp 26,63,2,0,0,0,0,0,0,0,0,0,35,35,35,21,16,0,12,13,25,4,16,0,0,0,16,14,24,0,37,37,44,9,17,9,262,262,518,515]} 1. e4 e5 2. Nf3 Nc6 3. Bc4 Bc5 4. Nc3 Nf6 5. d3 a6 6. Bg5 h6 7. Bxf6 Qxf6 8. Nd5 Qd8 9. c3 {[%cal Bc2c3,Bc3d4][%mdl 32]} d6 10. d4 exd4 11. cxd4 Ba7 12. h3 O-O {C50: Hungarian Defence and Giuoco Pianissimo} 13. O-O b5 14. Bb3 {[%cal Bc4b3,Bb3c2,Bc2b1][%mdl 32] LiveBook: 8 Games} Bb7 {The position is equal.} (14... Na5 15. Bc2 c6 16. Nf4 c5 17. dxc5 dxc5 18. Qe2 Bb7 19. e5 Qc7 20. Rad1 {0-1 (39) Nevednichy,V (2572)-Navara,D (2708) Rijeka 2010}) 15. Rc1 Rc8 16. Re1 $146 ({Predecessor:} 16. Ne3 Ne7 17. d5 Bxe3 18. fxe3 c5 19. dxc6 Rxc6 20. Rxc6 Nxc6 21. Nd4 Ne5 22. Rf4 Ng6 23. Rg4 Ne5 24. Rf4 Ng6 25. Rg4 Ne5 26. Rf4 {½-½ (26) Beckemeier,W (2373)-Schlingensiepen,C (2340) Germany 1999}) 16... Na5 17. Bc2 c5 18. Qd3 {Strongly threatening e5.} c4 19. Qd2 Nc6 20. Bb1 Ne7 21. Nf4 Ng6 22. Nxg6 fxg6 23. b3 Bb6 24. Qe2 {[%cal Rb3c4]} cxb3 25. axb3 Rxc1 26. Rxc1 Qe7 27. Qd3 Rf4 {[%cal Rf4e4]} 28. Re1 Qf7 29. e5 {[#] Threatens to win with e6.} Bxf3 30. e6 Qf5 $2 {[%mdl 8192]} (30... Qf6 $11 31. Qxg6 Qxg6 32. Bxg6 Bd8) 31. Qxf3 $18 Qf8 $2 {[#]} (31... Rxf3 {was worth a try.} 32. Bxf5 Rxf5) 32. Qxf4 $1 {[%mdl 576] Promotion. Accuracy: White = 47%, Black = 23%.} 1-0

[Event "Bay Area Open 2019"]
[Site "Burlingame"]
[Date "2019.01.07"]
[Round "9"]
[White "Xiong, Jeffery"]
[Black "Ringoir, Tanguy"]
[Result "1-0"]
[WhiteElo "2672"]
[BlackElo "2516"]
[Annotator "TA"]
[PlyCount "104"]
[EventDate "2019.01.01"]
[EventType "swiss"]
[EventCountry "USA"]

{[%evp 14,104,0,20,19,0,-9,-20,0,-60,22,16,22,16,31,35,46,17,17,-26,14,7,20,0,15,14,14,15,31,15,21,33,86,100,137,132,140,142,141,150,151,136,133,149,141,143,133,0,140,0,142,134,133,140,174,181,146,153,249,141,169,169,396,288,303,308,312,311,268,287,310,299,543,535,535,535,575,573,622,550,550,550,550,545,639,633,638,604,711,711,704,695,957]} 1. e4 e5 2. Nf3 Nc6 3. Bc4 Bc5 4. c3 Nf6 5. d3 d6 6. a4 {C54: Giuoco Piano: 4 c3 Nf6, main lines with 5 d4 and 5 d3} (6. Nbd2 a6 7. Bb3 h6 8. Nf1 d5 9. exd5 Nxd5 10. Ng3 O-O 11. O-O Re8 12. Re1 Nf6 13. h3 Be6 14. Bc2 Bd5 15. Nh4 {½-½ (43) Duda,J (2739)-Mamedyarov,S (2820) Batumi 2018}) 6... a5 7. Bg5 h6 8. Bh4 {LiveBook: 9 Games. The position is equal.} Be6 9. Qb3 $146 ({Predecessor:} 9. Nbd2 O-O 10. h3 g5 11. Bg3 Nh5 12. Bh2 Qf6 13. Qe2 Nf4 14. Bxf4 Qxf4 {0-1 (61) Sethuraman,S (2646)-Anton Guijarro,D (2666) Riadh 2017}) 9... Bxc4 10. Qxc4 Qe7 11. Nbd2 ({Better is} 11. O-O $11) 11... Qe6 (11... g5 $15 12. Bg3 O-O) 12. Bxf6 $11 Qxf6 13. Qb5 Ra7 14. O-O O-O 15. Nc4 Qe7 16. Rfe1 Nd8 (16... Nb4 $5 17. Ncxe5 (17. cxb4 c6 $15) 17... dxe5 18. cxb4 axb4 $11) 17. d4 exd4 (17... c6 $5 18. Qb3 $8 exd4 $11) 18. cxd4 c6 19. Qb3 Bb4 20. Re3 Ne6 21. Rd1 Raa8 22. d5 {[%cal Bd4d5,Bd5d6,Bd6d7][%mdl 32]} Nf4 (22... Nc5 $14 23. Qc2 cxd5 24. exd5 (24. Rxd5 Ne6 $11) 24... Qf6) 23. g3 $16 Ng6 24. e5 $1 {[%cal Re5d6]} dxe5 25. d6 Qf6 26. Ncxe5 Nxe5 27. Nxe5 Rad8 28. d7 Bd6 29. Ng4 Qg6 30. Ne5 ({Much less strong is} 30. Qxb7 $6 Bf4 $16) 30... Qf6 31. Ng4 Qg6 32. Red3 Bc5 33. Ne3 $36 {[%cal Bg4e3,Be3c4,Bc4e5][%mdl 2080] Keeping Black busy.} b6 34. Nc4 Qe6 35. Qc3 ({Of course not} 35. Nxb6 $6 Qxb3 36. Rxb3 Rb8 $11) 35... h5 {[#]} (35... f5 $16) 36. b3 (36. Nxa5 $1 $18 {[%mdl 512] Hoping for Nb7.} Bxf2+ (36... bxa5 37. Qxc5) 37. Kxf2 bxa5 38. Qxa5) 36... h4 37. Qe5 $1 h3 $2 (37... Qg4 38. Nxa5 f6) 38. Qxe6 fxe6 39. Ne5 $1 Bxf2+ 40. Kh1 c5 {[#] And now ...Bd4 would win.} 41. Rd6 $1 Bd4 42. Nc6 {[%mdl 64] Double Attack} e5 $2 (42... g6 43. Nxd8 (43. Nxd4 cxd4 44. R6xd4 Rf3 $11) 43... Rxd8 44. Rxe6 Rxd7 45. Rxg6+ Kh7 46. Rxb6 Ra7) 43. Nxd8 $18 {White is clearly winning.} Rxd8 {[%mdl 4096] Endgame [#] KRR-KRB} 44. Rf1 $1 {[%cal Rf1f5]} g5 45. Rf5 e4 {If Black can now play ...e3 this consolidates a bit.} 46. Rxg5+ Kf7 47. Rg4 Be5 48. Rh6 e3 {intending ...e2.} 49. Kg1 Bd4 {( -> ...e2+)} 50. Kf1 Ke7 51. Rh7+ Kd6 52. Ke2 Kd5 {Accuracy: White = 79%, Black = 44%.} 1-0

[Event "Bay Area Open 2019"]
[Site "Burlingame"]
[Date "2019.01.07"]
[Round "9"]
[White "Sevian, Samuel"]
[Black "Bai, Jinshi"]
[Result "1/2-1/2"]
[WhiteElo "2647"]
[BlackElo "2572"]
[Annotator "TA"]
[PlyCount "144"]
[EventDate "2019.01.01"]
[EventType "swiss"]
[EventCountry "USA"]
[SourceTitle "playchess.com"]
[Source "ChessBase"]
[SourceQuality "1"]

{[%evp 18,144,19,19,22,6,7,0,0,0,0,-15,-9,-21,-4,-27,-20,-27,-29,-20,-16,-12,-23,-20,-23,-31,-12,-18,-23,-14,-16,-55,-45,-56,-26,-19,-33,-73,-73,-77,-77,-74,-74,-74,-74,-74,-74,-74,-74,-74,-74,-74,-35,-67,-28,-35,-30,-28,-18,-32,-28,-28,-20,-17,-16,-16,0,-16,-22,-35,-35,-35,-35,-35,-35,-35,-35,-35,-35,-81,-81,-83,-74,-70,-74,-70,-70,-164,-164,-184,0,0,0,0,0,0,0,0,0,0,0,0,0,0,0,-108,-117,-128,-132,-141,-146,-166,-166,-167,-167,-167,-169,-169,-180,-194,-202,-209,-216,-216,-209,-249,0,-282,0]} 1. e4 e5 2. Nf3 Nf6 3. Nxe5 d6 4. Nf3 Nxe4 5. d4 d5 6. Bd3 Bf5 7. O-O Be7 8. c4 dxc4 {C42: Petroff Defence: 3 Nxe5 and unusual White 3rd moves} 9. Bxc4 O-O 10. Re1 {LiveBook: 9 Games} Bb4 {The position is equal.} 11. Nbd2 Nd6 12. Bb3 $146 ({Predecessor:} 12. Bf1 Nc6 13. Qa4 Be6 14. a3 Bxd2 15. Bxd2 Bd5 16. Ne5 {1-0 (46) Svidler,P (2760)-Smeets,J (2598) Baden-Baden 2018}) 12... Nc6 13. a3 Ba5 14. Ba4 b5 15. Bc2 Qf6 16. Bxf5 Qxf5 17. b4 Bb6 18. Nf1 Nc4 19. Ne3 Nxe3 20. Bxe3 Qd5 21. Rc1 f6 22. Qc2 Ne7 23. Bf4 Nf5 24. Qe4 Qxe4 25. Rxe4 Rfe8 (25... h5 {with more complications.} 26. h3 Rfe8 27. Rxe8+ Rxe8 28. Bxc7 Nxd4 29. Nxd4 Bxd4 30. Bg3 Bb2) 26. Rxe8+ $1 Rxe8 27. Bxc7 Nxd4 28. Nxd4 Bxd4 $11 {[%mdl 4096] Endgame KRB-KRB} 29. Kf1 Bb2 30. Rb1 Bxa3 31. Bf4 {[#]} Rc8 $1 32. Be3 Rc4 33. Ra1 Bxb4 34. Rxa7 Bd6 35. Ke2 b4 {[#] Threatens to win with ...b3.} 36. Rb7 h5 37. g3 Kh7 38. Kd3 Rc3+ 39. Ke4 Kg6 40. Rb6 Be7 41. Rb7 Bd6 42. Rb6 Bf8 43. h4 Rc7 44. Rb5 Be7 45. Bd2 Rc2 46. Be3 Rc4+ 47. Kd5 Rc8 48. Kd4 Bd6 49. Bd2 Rc2 50. Kd3 Rb2 51. Be3 Be5 52. Rb7 (52. Bc5 $15) 52... b3 $19 53. Bd4 Rb1 $2 (53... Bxd4 $19 54. Kxd4 Rxf2 55. Rxb3 Kf5) 54. Bxe5 $11 fxe5 {KR-KR} 55. Ke4 $1 b2 56. Rb6+ Kh7 {And now ...Re1+ would win.} 57. Kf3 Kg8 58. Rb7 Kf8 59. Kg2 Ke8 {White must now prevent ...Kd8.} 60. Kh2 Kd8 {Strongly threatening ...Kc8.} 61. Kg2 (61. Rb6 $11 {remains equal.} e4 62. Kg2) 61... Kc8 $17 62. Rb4 Kc7 {Hoping for ...e4!} 63. Kh2 Kc6 {aiming for ...e4!} 64. Kg2 Kc5 65. Rb8 Kc4 66. Rb7 Kd3 67. Rb8 e4 68. Rb7 Kd2 69. Rb8 Kc2 70. Rc8+ Kd3 71. Rb8 Kc2 72. Rc8+ $1 Kd3 $2 {Accuracy: White = 69%, Black = 69%.} ({Black should play} 72... Kb3 $19 73. Rb8+ Kc3 74. Rc8+ Kd3) 1/2-1/2